000
00328 a2200157 4500
001
173765
020
_a
040
_c
Magnum
100
_a
Carvalho, Barbara Vasconcelos de
240
1
0
_a
Os dois gatos
_l
por
245
1
0
_a
Os dois gatos
362
0
_a
1899
440
1
_a
Melhoramentos
697
_a
IJ/ANIMAIS
942
_c
BK
999
_c
173765
_d
173765